000
00292nam a22001337a 4500
008
170203b xxu||||| |||| 00| 0 eng d
020
_a
9781609133603
041
_a
eng
080
_2
3RD
_a
61
100
_a
3
101
_a
SHM
245
_a
STEP-UP TO MEDICINE
_c
AGABEGI, S.S
942
_2
udc
_c
BK
999
_c
4405
_d
4405